[Event "Probando suerte 2"]
[Site "http://www.queenalice.com/game.php?id=1638692"]
[Date "2021.1.3"]
[Round "-"]
[White "din4"]
[Black "Alsina"]
[Result "0-1"]
[WhiteElo "1639"]
[BlackElo "2678"]

1. e4 c5 2. Bc4 e6 3. c3 d5 4. exd5 exd5 5. Bb5+ Nc6 6. Nf3 Bd6 7. O-O Ne7 8.
Re1 Bg4 9. Qa4 Bxf3 10. gxf3 O-O 11. d3 a6 12. Bxc6 Nxc6 13. Qg4 Ne5 14. Rxe5
Bxe5 15. Bh6 f5 16. Qh5 gxh6 17. Qxh6 Rf6 18. Qe3 Rg6+ 19. Kf1 Bxh2 20. f4 Qh4
21. Ke2 Qg4+ 22. Kd2 Bxf4 23. Kc2 Bxe3 24. fxe3 Qg1 25. b4 Rg2+ 26. Kb3 Qd1+ 27.
Ka3 b5 28. bxc5 Qa4# 0-1

[Event "AUTO-ELITE-2206"]
[Site "http://www.queenalice.com/game.php?id=1639768"]
[Date "2021.1.13"]
[Round "2"]
[White "Alsina"]
[Black "fred57"]
[Result "0-1"]
[WhiteElo "2556"]
[BlackElo "2880"]

1. e4 c5 2. Nf3 Nc6 3. Bb5 g6 4. Bxc6 dxc6 5. d3 Bg7 6. h3 b6 7. Nc3 e5 8. Be3
h6 9. a3 Ne7 10. b4 cxb4 11. axb4 f5 12. O-O f4 13. Bc1 g5 14. Bb2 g4 15. hxg4
Bxg4 16. Nb1 Ng6 17. Nbd2 Nh4 18. Re1 h5 19. Kf1 O-O 20. Qb1 Qe7 21. Qa2+ Kh7
22. Qc4 Nxf3 23. Nxf3 Rfd8 0-1

[Event "AUTO-ELITE-2206"]
[Site "http://www.queenalice.com/game.php?id=1639769"]
[Date "2021.1.13"]
[Round "2"]
[White "fred57"]
[Black "Alsina"]
[Result "1-0"]
[WhiteElo "2883"]
[BlackElo "2667"]

1. e4 e6 2. d4 d5 3. Nc3 Nf6 4. Bg5 dxe4 5. Nxe4 Be7 6. Bxf6 gxf6 7. Qd2 b6 8.
O-O-O Bb7 9. Nc3 c6 10. Kb1 Nd7 11. f4 f5 12. Nf3 Qc7 13. Qe3 O-O-O 14. Ng5 Rdf8
15. a3 Kb8 16. g3 h5 17. h4 Nf6 18. Qe2 Ng4 19. Bg2 Bf6 20. Rd2 Rd8 21. Rhd1
Rhg8 22. Nf3 Nh6 23. Ng5 1-0

[Event "Challenge"]
[Site "http://www.queenalice.com/game.php?id=1641716"]
[Date "2021.1.28"]
[Round "-"]
[White "rfbcsa"]
[Black "Alsina"]
[Result "0-1"]
[WhiteElo "1789"]
[BlackElo "2681"]

1. e4 Nf6 2. Nc3 e5 3. f4 d5 4. fxe5 Nxe4 5. Nf3 Bc5 6. Qe2 Bf5 7. Nxe4 dxe4 8.
Qb5+ Nd7 9. e6 Bxe6 10. Ng1 Qh4+ 11. g3 Qf6 12. Qe2 Bg4 13. Qxe4+ Kf8 14. Qf4
Re8+ 15. Ne2 Qe6 0-1

[Event "Challenge"]
[Site "http://www.queenalice.com/game.php?id=1643563"]
[Date "2021.2.13"]
[Round "-"]
[White "Alsina"]
[Black "rfbcsa"]
[Result "1/2-1/2"]
[WhiteElo "2679"]
[BlackElo "1801"]

1. d4 d5 2. Bf4 Nf6 3. e3 e6 4. Bd3 Bd6 5. Bg3 O-O 6. Nd2 b6 7. Ngf3 a5 8. e4
dxe4 9. Nxe4 Ba6 10. Nxf6+ Qxf6 11. c3 Bxd3 12. Qxd3 Nd7 13. O-O Rfc8 14. Rad1
h6 15. Nd2 Qg6 16. Qxg6 fxg6 17. Rfe1 Bxg3 1/2-1/2

[Event "Animo Campeon !!"]
[Site "http://www.queenalice.com/game.php?id=1644533"]
[Date "2021.2.22"]
[Round "-"]
[White "Alsina"]
[Black "din4"]
[Result "1-0"]
[WhiteElo "2666"]
[BlackElo "1667"]

1. Nf3 f6 2. e4 a6 3. d4 d6 4. Bc4 Nh6 5. Bxh6 gxh6 6. Nh4 e6 7. Qh5+ Kd7 8.
Qf7+ Qe7 9. Bxe6+ Kd8 10. Qxe7+ Bxe7 11. Bxc8 Kxc8 12. Nf5 Bf8 13. Nc3 Nc6 14.
Nd5 Rg8 15. O-O Rg5 16. Nxf6 Rxf5 17. exf5 Ne7 18. Rfe1 Kd8 19. Re6 b5 20. Rae1
Kc8 21. Rxe7 Kb7 22. Rf7 a5 23. Nxh7 d5 24. Rxf8 Ra6 25. f6 Rc6 26. f7 Rxc2 27.
Rfe8 Rxb2 28. f8=Q b4 29. Rb8+ Ka7 30. Qc8 Rc2 31. Qb7# 1-0

[Event "USA & EUROPE"]
[Site "http://www.queenalice.com/game.php?id=1646871"]
[Date "2021.3.17"]
[Round "3"]
[White "Alsina"]
[Black "greggy"]
[Result "0-1"]
[WhiteElo "2597"]
[BlackElo "2870"]

1. e4 c6 2. d4 d5 3. e5 c5 4. dxc5 e6 5. a3 Bxc5 6. Nf3 Ne7 7. Bd3 Ng6 8. O-O
Qc7 9. b4 Be7 10. Bb2 O-O 11. Nbd2 Nf4 12. Nb3 Bd7 13. Qc1 Nxd3 14. cxd3 Qd8 15.
Bc3 Na6 16. Qf4 Bb5 17. Qe3 Ba4 18. Nfd4 Rc8 19. Bd2 Qd7 20. Qg3 Kh8 21. f4 f5
22. Qf2 Bd8 23. Be3 Bb6 0-1

[Event "Challenge"]
[Site "http://www.queenalice.com/game.php?id=1647581"]
[Date "2021.3.23"]
[Round "-"]
[White "masam2014"]
[Black "Alsina"]
[Result "1-0"]
[WhiteElo "1350"]
[BlackElo "2649"]

1. d4 e6 2. a3 d5 3. Nf3 Nf6 4. Nc3 c5 5. e3 a6 6. Bd3 Nc6 7. O-O c4 8. Be2 Bd6
9. Re1 b5 10. b4 O-O 11. Bb2 Bb7 12. Bf1 Qb6 13. Na2 a5 14. Bc3 axb4 15. axb4
Ne4 16. Bb2 1-0

[Event "Challenge"]
[Site "http://www.queenalice.com/game.php?id=1647582"]
[Date "2021.3.23"]
[Round "-"]
[White "Alsina"]
[Black "masam2014"]
[Result "0-1"]
[WhiteElo "2594"]
[BlackElo "1380"]

1. d4 d5 2. c4 e6 3. Nc3 c5 4. cxd5 exd5 5. Nf3 Nc6 6. g3 Nf6 7. Bg2 Be7 8. O-O
O-O 9. Bg5 cxd4 10. Nxd4 Re8 11. Rc1 Ne5 12. Bxf6 Bxf6 13. Nxd5 Nc6 14. Nxf6+
Qxf6 15. Nxc6 bxc6 16. Bxc6 Bh3 0-1